000 00732nam a22002177a 4500
999 _c22669
_d22669
003 AR-CdUCM
008 190313b ||||| |||| 00| 0 spa d
040 _aMUNICIPALIDAD PROVINCIAL DEL CUSCO
_cBIBLIOTECA MUNICIPAL DEL CUSCO
082 _a808.8/P34P
100 _aPease G. Y., Franklin
_91834
245 _aPerú: una aproximación bibliográfica /
_cFranklin Pease G. Y.
260 _aLima :
_bMunicipalidad de Lima,
_c2020.
300 _a132 páginas ;
_b ilustraciones ;
_c19 cm.
440 _aLima lee / Municipalidad de Lima ;
_n25
_948831
650 _aPerú
_948832
650 _aAspectos sociales
_9262
650 _aBibliografía
_948833
710 _aLima. Municipalidad
_948834
942 _2ddc
_cLIBROS
945 _arac